Dispossession, Deprivation And Development/ (Record no. 201330)
[ view plain ]
| 000 -LEADER | |
|---|---|
| fixed length control field | 00649nam a22001937a 4500 |
| 005 - DATE AND TIME OF LATEST TRANSACTION | |
| control field | 20240311110759.0 |
| 010 ## - LCCN (DPL NO) | |
| LC control number | ENG-139600 |
| 020 ## - INTERNATIONAL STANDARD BOOK NUMBER | |
| Terms of availability | 750.00 |
| International Standard Book Number | 9788193732915 |
| 035 ## - SYSTEM CONTROL NUMBER | |
| System control number | EN-123132 |
| 037 ## - SOURCE OF ACQUISITION | |
| Source of stock number/acquisition | DBAD/PUB |
| 082 ## - DEWEY DECIMAL CLASSIFICATION NUMBER | |
| Classification number | 330.954 |
| 245 ## - TITLE STATEMENT | |
| Title | Dispossession, Deprivation And Development/ |
| Statement of responsibility, etc | Edited by Arindam Banerjee And C.P. Chandrashekhar |
| Remainder of title | Essay For Utsa Patnaik |
| 260 ## - PUBLICATION, DISTRIBUTION, ETC. (IMPRINT) | |
| Place of publication, distribution, etc | Shahpur Jat |
| Name of publisher, distributor, etc | Tulika Books |
| 270 ## - ADDRESS | |
| City | NewDelhi |
| Address | 44 (First Floor) |
| Postal code | 110049 |
| 300 ## - PHYSICAL DESCRIPTION | |
| Extent | 270p; |
| Dimensions | 25cm(hb) |
| 710 ## - ADDED ENTRY--CORPORATE NAME | |
| Corporate name or jurisdiction name as entry element | Arindam Banerjee |
| Relator term | Editor |
| 9 (RLIN) | 59600 |
| 710 ## - ADDED ENTRY--CORPORATE NAME | |
| Corporate name or jurisdiction name as entry element | C.P. Chandrashekhar |
| Relator term | Editor |
| 9 (RLIN) | 62997 |
| 942 ## - ADDED ENTRY ELEMENTS (KOHA) | |
| Source of classification or shelving scheme | Dewey Decimal Classification |
| Item type | English Books |
| Classification part | 330.954 |
| Call number suffix | DIS |
| Withdrawn status | Lost status | Not for loan | Collection code | Home library | Current library | Date acquired | Source of acquisition | Cost, normal purchase price | Full call number | Barcode | Copy number | Cost, replacement price | Koha item type |
|---|---|---|---|---|---|---|---|---|---|---|---|---|---|
| Non-fiction | Bawana | Bawana | 11/03/2024 | DBAD | 750.00 | 330.954 DIS | EN-123132 | 1 | 750.00 | English Books |
